000 01241nam a2200313 4500
001 0000015491
003 CO-CtgCURN
005 20250516162529.0
007 ta
008 160627s1994 000 0 eng d
020 _a8448701771
040 _aCO-CtgCURN
_bspa
_ccoctgcurn
082 0 _a501
_bG158
100 1 _aGalileo.
245 1 0 _aCarta a cristina de lorena :
_bgrandes obras del pensamiento /
_cGalileo Galilei , traducción Moises González.
260 _aMadrid :
_bEdiciones Altaya,
_c1994.
300 _a136 p.
336 _2rdacontent
337 _2rdamedia
_asin mediacion
_bn
338 _2rdacarrier
_avolumen
_bnc
490 1 _aColección Grandes Obras de Pensamiento
500 _aIncluye indice.
505 8 _aGalileo unpensador inovador.--El enfado de los filosofos y teologos escolaticos defensa de la autonomia de la ciencia.--Las relaciones ciencia, fe : galileo teologo a pensar suyo.--La respueta de la iglesia, el edicto de 1616.--Importancia y origen de los escritos aqui presentados
600 1 0 _aCopernico, Nicolas,
_d1473-1543.
700 1 _aGonzález, Moises tr.
908 _a160627
942 _cBK
_h501
_iG158
_2ddc
_n0
999 _c2655
_d2655